[Event "EU-chT (Men) 14th"]
[Site "Plovdiv"]
[Date "2003.10.12"]
[Round "2.2"]
[White "Kurajica, Bojan"]
[Black "Fedorov, Alexei"]
[Result "1/2-1/2"]
[WhiteElo "2557"]
[BlackElo "2595"]
[Annotator "Hazai,L"]
[PlyCount "62"]
[EventDate "2003.10.10"]
[EventType "team-swiss"]
[EventRounds "9"]
[EventCountry "BUL"]
[SourceTitle "CBM 098"]
[Source "ChessBase"]
[SourceDate "2004.02.03"]
[SourceVersion "1"]
[SourceVersionDate "2004.02.03"]
[SourceQuality "1"]
[WhiteTeam "Bosnia&Herzegovina"]
[BlackTeam "Belarus"]
[WhiteTeamCountry "BIH"]
[BlackTeamCountry "BLR"]

1. d4 Nf6 2. Nf3 g6 3. g3 Bg7 4. Bg2 O-O 5. O-O d6 6. Re1 {/\ e4} Nbd7 {
Nowadays the Nbd7, e5 plans are regarded a bit passive.} (6... Nc6 {-
Kalinichev-Richter, BL 2002 CBM 94}) 7. e4 e5 8. c3 {This quiet positional
setup cannot yield White a real advantage.} (8. Nc3 {transposing to B07
requires the knowledge of the Pirc Defence.}) (8. dxe5 {- Negulescu-Istratescu,
Iasi 1999 CBM 75}) (8. h3 Re8 9. c4 {transposing to the main lines of the g3
King's Indian is another problem for Black, because White has avoided all the
other plans.} c6 (9... exd4 10. Nxd4 c6 11. Nc3 {E69}) 10. Nc3 {E69}) (8. c4
exd4 9. Nxd4 Re8 10. Nc3 {leads again to the g3 King's Indian main lines.})
8... Re8 (8... c5 {doesn't look very tempting.} 9. d5 Ne8 10. a4 (10. c4 {
/\ Nc3}) 10... f5 11. exf5 gxf5 12. Ng5 Ndf6 13. Na3 Nc7 $13 (13... f4 {
weakens the light squares even more.} 14. Ne6 Bxe6 15. dxe6 fxg3 16. hxg3 $14 {
Mateuta-Dragomirescu, Baile Tusnad 1999})) (8... b6 {/\ Bb7 in order to put
pressure on >< e4, but Black has to reckon with d5 followed by c4.} 9. Nbd2 (9.
b3 Bb7 10. Nbd2 ({The closing of the [+] by} 10. d5 $2 {leads to serious
consequences:} Nc5 11. Qc2 c6 12. c4 cxd5 13. cxd5 Rc8 $36) 10... exd4 {
Black attacks White's [+] making profit from the weakened a1-h8 /^.} 11. cxd4
Re8 12. Qc2 c5 13. Bb2 {because 13.d5 loses.} cxd4 14. Bxd4 Rc8 {Black's
pieces are very active.} 15. Qb2 Nc5 $36 {Wohl-Nijboer, Zwolle 2001}) (9. a4 a6
(9... a5 {is the other question weakening a bit the light squares but holding
the <<.}) 10. Na3 Bb7 11. d5 {White can hold his [+], but he has committed his
position by a4, so c3-c4 weakens the dark squares.} Nc5 12. Nh4 {The N looks
rather ugly on the edge of the board.} Qd7 13. Nc4 a5 14. b3 Ba6 $5 $13 (14...
b5 {The opening of the << usually helps for White.} 15. axb5 Qxb5 16. Nxa5 Rxa5
(16... Nfxe4 17. Bxe4 Nxe4 18. c4 Qb6 19. Be3 Nc5 20. Qd2 $16) 17. Rxa5 Qxa5
18. b4 Qb5 19. bxc5 Qxc5 20. Qc2 Ra8 21. Be3 Qc4 22. Rb1 $14 {
Speelman-Markowski, Elista 1998})) 9... Bb7 10. Qc2 (10. b4 Re8 11. d5 Qe7 {
/\ c6} (11... a5 12. Nc4 $14) 12. Bb2 c6 13. dxc6 ({Holding the [+] by} 13. c4
$5 {leads to a very complex middlegame}) 13... Bxc6 14. c4 {The P structure is
a bit favourable for White, but Black has reasonable counterchances on the
dark squares.} Red8 15. Bf1 Nf8 16. a3 Qb7 17. Bd3 Ne6 18. Qe2 a6 19. Bc3 b5
$13 {Mateuta-Nevednichy, Bucharest 1997}) 10... Qe7 (10... a5 11. a4 Re8 12.
dxe5 dxe5 13. b4 axb4 (13... Bf8 $5 14. Ba3) 14. cxb4 {Now White has achieved
something on the <<.} Bf8 15. Ba3 Ra7 {/\ Qa8 holding the P structure looks
more reasonable.} (15... c5 $6 16. b5 {helps only for White.} Bd6 17. Nc4 {
The N is excellent here.} Bc7 18. Bb2 $14 {Mateuta-Voicu, Bucharest 2002})) 11.
a4 $5 {looks more flexible.} (11. b3 Rfe8 12. Ba3 {without a4 White's position
is not so harmonious.} a5 13. Nc4 exd4 14. e5 dxc3 15. exd6 (15. exf6 Qxf6 $44
{and Black has a lot of pawns for the piece.}) 15... Qd8 16. dxc7 Qxc7 17. Nd6
Rxe1+ 18. Rxe1 Bd5 $13 {Ye Rongguang-McNab, Manila 1992})) 9. Nbd2 (9. Nh4 $6 {
looks really ugly.} c6 10. h3 d5 11. dxe5 Nxe4 12. Bxe4 dxe4 $17 {
Stahlberg-Boleslavsky, Stockholm 1963}) 9... b6 10. dxe5 {There is no need to
give up the tension in the [+] so early.} (10. Qc2 Bb7 (10... c6 $6 {is not
consistant at all.} 11. b3 Qc7 12. Bb2 Ba6 13. Rad1 Rac8 14. c4 {Black's
passive setup gave White free hand conquering the [+].} c5 15. dxe5 dxe5 16.
Bh3 Ra8 17. Nb1 $1 {/\ Nc3-d5} Nb8 {/\ Nc6-d4} 18. Nc3 Nc6 19. Nd5 {White
comes first!} Qd8 $14 (19... Nxd5 $6 20. cxd5 Nb4 21. Qb1 Bc8 $4 22. d6 {
1-0 Burmakin-Zimmerman, Nagykanizsa 1993})) 11. b3 ({White is well-developed
for gaining space in the [+] by} 11. d5 c6 12. dxc6 Bxc6 13. c4 Rc8 14. b3 b5
15. Ba3 d5 $132 {Mateuta-Zetocha, Sovata 1998}) 11... d5 $1 {and Black
equalizes easily} 12. exd5 exd4 13. Rxe8+ Qxe8 14. Nxd4 Nxd5 $11 {
Koneru-Rajlich, Budapest 2002} (14... Bxd5 15. Bb2 Nc5 $11 {A.Maric-Kachiani
Gersinska, Groningen 1997})) (10. a4 {/\ a5} a6 (10... Bb7 {Black ignores the
advance of the a P.} 11. a5 a6 12. axb6 (12. d5 b5 13. b4 c6 14. c4 Qc7 $13 {
and it is not easy for White to hold his [+], Valdes-Gongora, Cuba 2000.})
12... cxb6 13. d5 {deserves attention.}) (10... a5)) (10. b3 Bb7 11. Bb2 exd4
12. Nxd4 {White has no time for c4.} Nc5 13. Qc2 d5 14. e5 Nfe4 $13 {
Miralles-Chomet, FRA 1993}) 10... dxe5 11. b4 (11. Qc2 Bb7 (11... Nc5 12. Bf1 {
/\ b4}) 12. b4 {- 11.b4}) 11... Bb7 12. Qc2 Qe7 13. a4 {/\ Ba3} a6 (13... a5
14. Ba3 {and the Q is in a sort of trouble.} Qe6 15. Ng5 Qg4 16. h4) 14. Bf1 (
14. a5 b5 15. Ba3 Qe6 16. c4 $14 {gave White some space advantage.}) (14. Ba3
h6 15. Bh3 Red8 {vacating the e8 square for the Q.}) 14... Red8 15. Ba3 Ne8 {
/\ Nd6 and also clearing the square for the Q.} 16. a5 (16. b5 Qf6) 16... b5 (
16... Nd6 17. c4 (17. axb6 cxb6 18. c4 Rac8 $132) 17... Qe6 {looked more
flexible.}) 17. c4 $14 c6 {Now Black has real space problems.} ({However the
alternatives} 17... Bc6 18. Rad1 $14) ({and} 17... bxc4 18. Bxc4 Nd6 19. b5
axb5 20. Bxb5 $14 {look also preferable for White.}) 18. Nb3 (18. c5 Nf8 {
/\ Bc8}) 18... Nc7 19. Bh3 Ne6 20. Rad1 Ndf8 21. Nc5 {This leads at the end
only to unnecessary exchanges, which help for Black.} (21. c5 {gave at least
reasonable space advantage for White.}) 21... Bc8 22. Rxd8 Qxd8 23. Nxe6 (23.
Nd3 {can be met by the witty} Nc5 $1 (23... Nd4 24. Nxd4 Qxd4 (24... Bxh3 25.
Nxc6 $16) 25. Bxc8 Rxc8 26. cxb5 axb5 27. Bb2 $16) 24. Nxc5 Bxh3 $13) 23...
Bxe6 24. Bxe6 Nxe6 25. Bb2 Qe7 26. c5 Rd8 $11 {and Black has evened out
completely.} 27. Rd1 Rxd1+ 28. Qxd1 f6 29. h4 h5 30. Bc1 Kf7 31. Kf1 Ke8
1/2-1/2

[Event "Leonid Stein Memorial-B"]
[Site "Lvov"]
[Date "2000.05.16"]
[Round "5"]
[White "Taimanov, Mark E"]
[Black "Kazakov, Mikhail"]
[Result "1/2-1/2"]
[WhiteElo "2402"]
[BlackElo "2426"]
[Annotator "Hazai,L"]
[PlyCount "86"]
[EventDate "2000.05.12"]
[EventType "tourn"]
[EventRounds "10"]
[EventCountry "UKR"]
[EventCategory "10"]
[SourceTitle "CBM 077"]
[Source "ChessBase"]
[SourceDate "2000.07.27"]
[SourceVersion "1"]
[SourceVersionDate "2000.07.27"]
[SourceQuality "1"]

1. Nf3 Nf6 2. g3 d6 3. d4 g6 4. b3 Bg7 5. Bb2 O-O 6. Bg2 e5 7. dxe5 Ng4 $6 (
7... Nfd7 $142 {looks better if Black wants to take back with the P on e5.}) 8.
Qc1 $5 {This is a bit sophisticated. White defends his B and vacates the d1
square for his R.} (8. h3 $1 {forces Black to take the P.} Nxe5 9. Nxe5 dxe5 (
9... Bxe5 10. Bxe5 dxe5 11. Qxd8 Rxd8 12. Nd2 {with a mighty B on the long /^.}
a5 (12... Nd7 13. O-O-O Re8 14. Ne4 {/\ Rxd7} Kg7 15. g4 h6 16. Rd3 Nf6 17.
Nxf6 Kxf6 18. Rhd1 c6 19. Rf3+ Kg7 20. Re3 $16 {Polugaevsky-Tal, URS-ch39
Leningrad 1971}) (12... c6 13. O-O-O Be6 14. Nc4 $1 {fighting for the d <->.}
Rxd1+ 15. Rxd1 Nd7 16. f4 (16. Na5 Rb8 17. Kb2 (17. c4 h5 {This is not
necessary.} (17... Kf8 {- 17.Kb2}) 18. Kb2 Kf8 19. Kc3 Ke8 20. b4 $16 {with
long-lasting pressure on the <<, Dizdarevic-Pasic, BIH-chT Bihac 1999.}) 17...
Kf8 18. c4 Ke8 19. b4 Kf8 {changing his mind?} 20. Kc3 Nb6 21. a3 Na4+ 22. Kc2
Nb6 23. c5 Nd5 24. e4 Nc7 25. a4 Ke7 26. Kc3 f6 $14 {and a breakthrough is not
in the near future, Psakhis-Krasenkov, URS Cup rapid 1988.}) 16... exf4 17.
gxf4 Nb6 18. Na5 $1 {This is the right place for the N attacking b7 and c6.} (
18. Nd6 Nd5 19. Rd4 b6 20. Kd2 Rd8 21. Ne4 Rc8 22. c4 $14 {Tal-Rashkovsky,
Sochi 1977}) 18... Rb8 19. e4 $16) (12... Nc6 $5 13. O-O-O Be6 14. Ne4 $14) 13.
O-O-O a4 14. Nc4 $1 $16 {attacking >< e5.} (14. Ne4 Nc6 15. Nf6+ Kf8 16. Kb2 h6
17. Rxd8+ Nxd8 18. Rd1 Be6 19. Nd5 $14 {Timman-Gheorghiu, Helsinki zt 1972}))
10. Qxd8 Rxd8 11. Nd2 $1 {threatening both Nc4 and Ne4.} Nd7 (11... Nc6 12.
O-O-O $1 ({Giving up the ^^ for doubled pawns is a dubious decision.} 12. Bxc6
bxc6 13. O-O-O Be6 14. g4 f6 15. Bc3 a5 16. a4 Kf7 17. f3 Bh6 18. Kb2 Be3 19.
Ne4 Rd5 $13 {Chernikov-Piza, Ceske Budejovice op 1996}) 12... Be6 (12... Bd7
13. e3 Be8 14. g4 Rab8 15. Ne4 h6 16. h4 Rxd1+ 17. Rxd1 Rd8 18. Rg1 $1 {
White needs a R for penetrations in the future.} Ne7 19. Ba3 Nc8 20. g5 $16 {
blockading the >> White secures his N's position on e4, L.B.Hansen-Vogel, BL2
Germany 1996.}) 13. g4 f6 14. Ne4 $16 {Timman-Bachmann, Stockholm 1972/73}) (
11... c6 12. O-O-O Be6 13. Nc4 $1 {threatening the squares e5 d6 and a5.} Rxd1+
14. Rxd1 Nd7 15. a4 ({or} 15. Na5 Rb8 16. Ba3 $14) 15... f6 16. Nd6 Rb8 17. a5
a6 18. Ba3 Bf8 19. Kb2 Be7 20. g4 Bd8 21. b4 $14 {advancing the << pawns,
Miles-Piket, Hoogovens Wijk aan Zee 1989.}) 12. O-O-O Re8 13. Nc4 Nb6 14. Na5
$1 {The N has found his real place.} Rb8 15. Rd2 {White wants to double his
rooks on the only opened d <->.} c6 16. Rhd1 f6 17. Rd8 Kf7 18. Rxe8 Kxe8 19.
Ba3 {activating the last passive piece.} Nd5 20. Bd6 Ra8 21. c4 $16 {
Smyslov-Polugaevsky, Palma de Mallorca Interzononal 1970}) 8... Nxe5 9. O-O (9.
Nbd2 {is too passive.} Nbc6 10. O-O Re8 11. Nxe5 dxe5 12. e3 f5 {/\ e4 closing
the /^ of the g2 B.} 13. Nc4 Qe7 14. Rd1 e4 15. Bxg7 Qxg7 16. Qb2 Be6 17. Qxg7+
Kxg7 $11 {P.Blatny-Hernandez, Najdorf op Buenos Aires 1998}) (9. Nxe5 dxe5 10.
O-O c6 11. Nd2 Qc7 12. Rd1 Rd8 13. Nc4 Rxd1+ 14. Qxd1 Be6 15. Qd6 Na6 16. Qxc7
Nxc7 {(Thinus-Schroll, BL 1997)} 17. Nxe5 $1 (17. Bxe5 Bxe5 18. Nxe5 Nb5 19. c4
Nc3 20. Kf1 Rd8 21. Nf3) 17... Rd8 18. Kf1 Rd2 19. Be4 $16) 9... Re8 (9... Nbc6
10. Rd1 (10. Nxe5 Nxe5 11. c4 (11. f4 Nc6 12. Bxg7 Kxg7 13. Qb2+ Qf6 14. Qxf6+
Kxf6 15. Nc3 Be6 16. e4 Kg7 17. Rad1 a6 18. Rfe1 Rfe8 19. Rd2 Rad8 20. h3 f6
$11 {and Black can hold his position, Sobel-R.Fischer, East Orenge 1957.})
11... Rb8 12. Rd1 Bg4 13. Nc3 {Black has no pawns in the [+] and the pressure
on the h1-a8 /^ is annoying.} Nd7 14. Nd5 Be6 15. Bxg7 Kxg7 16. Qc3+ f6 17. b4
$14 {Dunnington-Thomson, BCF-chTB 1998}) 10... Qe7 11. Nxe5 Nxe5 12. Nc3 f6 13.
Nd5 Qd8 14. c4 c6 {otherwise the N remains strong in the [+].} 15. Nc3 {
Now the d6 P becomes vulnerable.} Qe7 16. Ne4 Rd8 17. f4 Ng4 18. h3 $16 {
Taimanov-Sjodell, Peer Gynt Gausdal 1992}) (9... Nxf3+ 10. Bxf3 Bxb2 11. Qxb2
Nd7 12. c4 a5 13. Nc3 Nc5 14. a3 {/\ b4} c6 15. b4 axb4 16. axb4 Rxa1 17. Rxa1
Nd7 18. Ne4 Ne5 19. c5 $1 $16 {Taimanov-Koskinen, Rilton Cup 1996}) (9... c6
10. c4 {>< d6} Qc7 11. Nbd2 Nxf3+ 12. Bxf3 Bh3 13. Bxg7 Kxg7 14. Qc3+ f6 15.
Rfd1 Na6 16. Ne4 Rad8 17. Qd4 $16 {Taimanov-Hanke, Wch Seniors Bad Liebenzell
1996}) 10. Rd1 Nbc6 (10... Nxf3+ 11. Bxf3 Bxb2 12. Qxb2 Nc6 13. c4 (13. Nc3 Qf6
{and the N is pinned.}) 13... Ne5 14. Bg2 Qf6 15. Qd4 $1 $14 {preparing Nc3} (
15. Nc3 {immediately is met by} Ng4 $1 16. Rf1 (16. Bf3 Ne5) 16... Qe5)) 11.
Nxe5 Nxe5 (11... Bxe5 12. Bxe5 Nxe5 13. Nc3 $14) 12. h3 (12. c4 Bg4 (12... Qf6
13. Nc3 Ng4 14. Rf1 Qe5 15. h3 Nh6 16. Qd2 Nf5 17. e3 $14 {and the N on f5
cannot find his place.}) 13. Nc3 Qc8 (13... Nc6 14. Qd2 Nd4 15. Re1) 14. Qd2
Bh3 15. Bh1 $14 {White has to keep his excellent B.}) 12... h5 (12... c6 13. c4
{>< d6} Qe7 14. Qd2 Bf5 15. Nc3 (15. e4 $4 Bxh3 $1 $19) 15... Rad8 16. f4 $16)
(12... Qf6 $5 13. Nc3 (13. c4 $4 Nf3+) 13... c6 (13... Nc6 14. Rb1 Nd4 15. Rxd4
$1 Qxd4 16. Nd5 Qc5 17. Ba3 $14 {and the Q is in trouble.} (17. Bxg7 Kxg7 18.
Qb2+ Kh6 $1)) 14. Ne4 Nf3+ 15. Bxf3 Qxb2 16. Qxb2 Bxb2 17. Rab1 d5 $1 18. Nd6
Re6 19. Nxc8 Bg7 20. e4 $1 Rxc8 21. exd5 cxd5 22. Bxd5 Re2 23. c4 b6 24. a4 $14
{and despite of the ^- White has practical chances because of the rooks.}) 13.
c4 h4 14. g4 f5 15. f4 (15. gxf5 $5 Bxf5 $1 {Black has to activate his pieces.}
(15... gxf5 16. Nc3 $16) 16. Bxb7 (16. c5 $6 Qc8 17. cxd6 Bxh3 $1) 16... Bxh3
$1 17. Bxa8 $1 (17. Bd5+ Kh7 18. Bxa8 (18. Qc3 Bg4 19. Bxa8 Bxe2 $1 {and the
white K is in a delicate position.}) 18... Qxa8 19. Rd5 Bh6 $1 20. Qc3 Be6 21.
Rd4 Qd8 $44 (21... h3 $2 22. Qg3)) 17... Qxa8 18. Rd5 $1 (18. f3 Nxf3+ $1 $19)
18... Be6 19. Bxe5 $1 (19. Rd4 h3 20. Qf1 Nd3 $1 21. exd3 c5 $17) 19... dxe5 (
19... Bxe5 20. Rxe5 dxe5 21. Qg5 Qe4 22. Nc3 Qg4+ 23. Qxg4 Bxg4 24. f3 $16) 20.
Rd1 e4 $1 (20... Qe4 21. Qg5 Qxe2 22. Nd2 Qg4+ 23. Qxg4 Bxg4 24. Re1) 21. Nc3
e3 $1 22. Qxe3 (22. fxe3 $2 h3 23. e4 Bf5 24. Qg5 Bxe4 25. Rac1 Be5) 22... h3 (
22... Bf5 23. Qd2) 23. f3 Bf5 24. Qd2 Bxc3 25. Qxc3 Rxe2 26. Re1 Rg2+ 27. Kh1 (
27. Kf1 $4 Rc2 $19) 27... Bg4 $1 28. Re7 $1 Qf8 29. Qe5 $1 Re2 (29... Rd2 30.
Re8 Bxf3+ 31. Kg1 h2+ 32. Qxh2 $1) 30. Qd5+ Re6 31. fxg4 Qxe7 32. Re1 $18)
15... fxg4 $5 {Black is looking for counterplay at any rate.} (15... Nf7 16.
Bxg7 Kxg7 17. g5 $1 Rxe2 18. Nc3 Re6 19. Nd5 $44) (15... Nc6 16. Bxg7 Kxg7 17.
g5 $1 Rxe2 18. Nc3 Re6 19. Nd5 $44) 16. fxe5 $6 ({More to the point is} 16.
Bxe5 $1 Bxe5 (16... gxh3 $6 17. Bd5+ Kh7 18. Bxg7 Kxg7 19. Qc3+ Kh7 20. Qf3 {
and Black has nothing for the sacrificed piece.}) 17. fxe5 gxh3 (17... Rxe5 18.
hxg4) 18. Bd5+ Kh7 19. Rf1 $1 Rf8 20. Rxf8 Qxf8 21. Qe3 $1 (21. Nc3 dxe5 22.
Qg5 Qf4) 21... Qg7 $1 (21... Qe7 22. e6 $1 c6 23. Nc3 cxd5 24. Nxd5 Qxe6 25.
Qxe6 Bxe6 26. Nc7 Rf8 27. Nxe6 Re8 28. Ng5+ $18) 22. Nc3 c6 23. e6 $1 {killing
the c8 B.} cxd5 24. cxd5 Qf6 25. Qf3 $1 $16 (25. Rf1 $4 h2+ $1 26. Kg2 Qxf1+
$19)) 16... gxh3 17. Bf3 $5 (17. Bd5+ Kh7 (17... Be6 $2 18. Bxb7 Rb8 19. Bc6
$18) 18. exd6 Bh6 $132 (18... Bxb2 19. Qxb2)) 17... Bxe5 18. Bxe5 Rxe5 19. Rd5
$6 (19. Qh6 $1 {was the best reply now.} Qg5+ (19... Qf6 20. Nc3 Rg5+ 21. Kh1 {
and the K escapes.}) (19... Qe8 20. Nc3 g5 21. Nd5 $16) 20. Qxg5 Rxg5+ 21. Kh2
Re5 22. Nc3 $14 {and although Black has 3 pawns for the piece, his position
lacks harmony.}) 19... Qf6 $44 {From now on things are far from clear, Black's
P phalanx on the >> is impressive.} (19... g5 {was also exciting.} 20. Rxe5
dxe5 21. Nc3 g4 22. Bd5+ Kg7 23. Qe3 c6 24. Qxe5+ Qf6 25. Qxf6+ Kxf6 26. Be4 g3
{The pawns look rather frightening.} 27. Rf1+ Ke5 28. e3 (28. Rf8 Kd4) 28...
Be6 $44) 20. Nc3 Bf5 (20... c6) 21. Kh1 c6 22. Rxe5 Qxe5 23. Qd2 Re8 24. Rd1
Kh7 25. Qd4 g5 26. Qxe5 (26. Bg4 Bxg4 27. Qxg4 Re6 28. Rf1 $14) 26... Rxe5 $1 (
26... dxe5 27. Ne4 $1 $16) 27. e4 Be6 28. Rg1 (28. Rxd6 Kg7 $1 $44 (28... g4 $6
{runs into the liquidation:} 29. Rxe6 $1 Rxe6 30. Bxg4 Rd6 31. e5 Rd2 32. Bxh3
$16)) 28... Kh6 29. Kh2 b5 30. cxb5 Rc5 (30... cxb5 31. b4 $1) 31. Nd1 (31. Ne2
cxb5 $11) 31... Rc2+ 32. Kh1 cxb5 33. Ne3 Rxa2 34. Rd1 $1 (34. Nf5+ Bxf5 35.
exf5 Rb2 36. Bd5 Rf2 $17) 34... Ra3 $1 (34... Bxb3 35. Rxd6+ Kh7 36. Bh5 $1)
35. Rxd6 Rxb3 {White is running out of pawns.} 36. Rxe6+ Kh7 37. Bg4 Rxe3 38.
Bf5+ Kg7 39. Rg6+ Kf7 40. Rxg5 b4 41. Bh7 b3 42. Kh2 a6 43. Ra5 Re1 (43... Kg7
44. Bf5 b2 45. e5 Rf3 46. Rxa6 Rxf5 47. Rb6 $11) 1/2-1/2